000 00323nam a22001457a 4500
020 _a978-81-264-5279-8
082 _a920
_bTEN/E
100 _aTENDULKAR, SACHIN
245 _aANTE JEEVITHAKATHA
260 _aKOTTAYAM
_bDC BOOKS
_c2017
300 _a544
520 _aAUTOBIOGRAPHY
650 _aAUTOBIOGRAPHY
942 _cBK
999 _c5518
_d5518